000 01308nam a2200253Ia 4500
999 _c55187
_d55187
001 22262
003 GE_BSU
005 20230216113824.0
008 181216s2008ge xx |||||||||||||| ||geo||
020 _a978-9941-13-070-0
040 _cGE_BSU
041 _ageo
080 _a94(3)+821.14'01-32 ჰ-46
100 _aჰეროდოტე,
_916935
245 _aისტორია /
_cჰეროდოტე, თხრობა მანანა ფხაკაძისა, რედ. მარიკა ერქომაიშვილი ; მხატვრ. გაფორმება ნინო ვაჩეიშვილი
264 _aთბილისი :
_bთბილ. უნ-ტის გამ-ბა,
_c2009 [2008]
300 _a156 გვ . :
_bილ. ;
_c25 სმ.
653 _aისტორია
653 _aძველი ქვეყნების ისტორია; ბერძენ-სპარსელთა ომები
700 _a ფხაკაძე, მანანა
_eმთხრობელი
_916936
700 _aერქომაიშვილი, მარიკა
_eრედაქტორი
_916937
700 _a ვაჩეიშვილი, ნინო
_eმხატვარი
_916938
942 _cBK
_2udc